Statistics for Top 10 Countries with the Most Active Volcanoes

Click here to take the quiz!

General Stats

  • This quiz has been taken 42 times
  • The average score is 8 of 10

Answer Stats

Amount of VolcanoesAnswer% Correct
112Japan
97%
173United States
97%
139Indonesia
95%
166Russia
90%
48Mexico
87%
104Chile
85%
53Philippines
74%
130Iceland
62%
53Papua New guinea
44%
57Ethiopia
26%

Score Distribution

Percentile by Number Answered

Percent of People with Each Score

Your Score History

You have not taken this quiz